Statistics for Memorable Olympic Moments

Click here to take the quiz!

General Stats

  • This quiz has been taken 1,011 times
    (59 since last reset)
  • The average score is 8 of 18

Answer Stats

Year Moment Answer % Correct
2008This swimmer beats Milorad Cavic in 100m butterfly by 0.01 secondsMichael Phelps
98%
1896First Summer Games are held in this cityAthens
93%
2008This runner breaks 100m world record; thumps chest in early celebrationUsain Bolt
91%
1996First women's football competition is won by this countryUnited States
81%
2012Oscar Pistorius, a double amputee, competed in the 400m for this countrySouth Africa
78%
-This city's Opening Ceremonies included 2,008 synchronized Fue drummersBeijing
74%
1996This man lights cauldron in AtlantaMuhammad Ali
67%
2012Answer to ^ becomes the most decorated Olympian ever, with this many medals22
65%
2012This woman wins British fame for winning the heptathlonJessica Ennis
35%
2008Cuban Angel Matos kicks referee in face after dispute in match of this sportTaekwondo
33%
1996This gymnast lands on a sprained ankle (media claims it was broken)Kerri Strug
20%
2012This 17-year-old Coloradoan swimming phenom wins four gold medalsMissy Franklin
15%
1992After pulling hamstring, this sprinter is helped across finish line by his fatherDerek Redmond
13%
2012This American wins gymnastics all-around goldGabby Douglas
13%
2008United States basketball team nicknamed this, wins goldThe Redeem Team
11%
2012The duo of Kerri Walsh Jennings and this athlete threepeat beach volleyball goldMisty May-Treanor
9%
nadia comaneci
0%
miracle on ice
0%

Score Distribution

Percentile by Number Answered

Percent of People with Each Score

Your Score History

You have not taken this quiz since the last reset